Welcome to WEB OPAC of MRSPTU Central Library

Electromagnetic Field Theory and Transmission Lines (Record no. 6591)

MARC details
000 -LEADER
fixed length control field 00457nam a2200169Ia 4500
008 - FIXED-LENGTH DATA ELEMENTS--GENERAL INFORMATION
fixed length control field 230711s9999||||xx |||||||||||||| ||und||
020 ## - INTERNATIONAL STANDARD BOOK NUMBER
International Standard Book Number 978-81-265-3615-3
041 ## - LANGUAGE CODE
Language code of text/sound track or separate title ENG
082 ## - DEWEY DECIMAL CLASSIFICATION NUMBER
Classification number 530.141
Item number RA-E
100 ## - MAIN ENTRY--PERSONAL NAME
Personal name Rao, Gottapu Sasibhushana
245 #0 - TITLE STATEMENT
Title Electromagnetic Field Theory and Transmission Lines
250 ## - EDITION STATEMENT
Edition statement 1st Ed.
260 ## - PUBLICATION, DISTRIBUTION, ETC.
Date of publication, distribution, etc. 2015
Place of publication, distribution, etc. New Delhi
Name of publisher, distributor, etc. Wiley India Pvt.Ltd
300 ## - PHYSICAL DESCRIPTION
Extent 410p.
650 ## - SUBJECT ADDED ENTRY--TOPICAL TERM
Topical term or geographic name entry element Electrical Engineering
942 ## - ADDED ENTRY ELEMENTS (KOHA)
Koha item type Book
Holdings
Withdrawn status Lost status Damaged status Not for loan Collection Home library Current library Date acquired Source of acquisition Cost, normal purchase price Inventory number Total checkouts Full call number Barcode Date last seen Price effective from Koha item type Date last checked out
          MRSPTU Central Library MRSPTU Central Library 08/02/2043 Krishna Book Distributors 559.00 KBD/2017-2018/1018943059   530.141 RA-E 39110 08/17/2023 08/17/2023 Book  
          MRSPTU Central Library MRSPTU Central Library 08/02/2043 Krishna Book Distributors 559.00 KBD/2017-2018/1018943059   530.141 RA-E 39111 08/17/2023 08/17/2023 Book  
          MRSPTU Central Library MRSPTU Central Library 08/02/2043 Krishna Book Distributors 559.00 KBD/2017-2018/1018943059 1 530.141 RA-E 39112 02/07/2025 08/17/2023 Book 01/29/2025
          MRSPTU Central Library MRSPTU Central Library 08/02/2043 Krishna Book Distributors 559.00 KBD/2017-2018/1018943059 4 530.141 RA-E 39113 12/31/2024 08/17/2023 Book 12/09/2024
          MRSPTU Central Library MRSPTU Central Library 08/02/2043 Krishna Book Distributors 559.00 KBD/2017-2018/1018943059 4 530.141 RA-E 39114 05/22/2024 08/17/2023 Book 03/27/2024
          MRSPTU Central Library MRSPTU Central Library   Technical Bureau India PVT.LTD 649.00 TB47044713 6 530.141 RA-E 41076 05/23/2025 08/17/2023 Book 01/29/2025
          MRSPTU Central Library MRSPTU Central Library   Technical Bureau India PVT.LTD 649.00 TB47044713 5 530.141 RA-E 41077 02/06/2025 08/17/2023 Book 10/18/2024

Website Designed and Developed by MRSPTU Central Library Team

E-mail Id: librarian@mrsptu.ac.in